| 000 | 01249nam2a22002411 4500 | ||
|---|---|---|---|
| 001 | rc\499209 | ||
| 005 | 20250621165714.0 | ||
| 035 | _a(NLR Aleph) 005817404 | ||
| 090 |
_a5444458 _c5444458 |
||
| 100 | _a20030616d1988 |||y0rusy50 ca | ||
| 101 | 0 | _arus | |
| 102 | _aRU | ||
| 105 | _ay ||||||||| | ||
| 200 | 0 | _aЧ. 1 | |
| 210 |
_d1988 _aБ. м. |
||
| 215 | _a41 л. | ||
| 225 | 1 |
_a... _v№ 223 (880) |
|
| 461 | 0 |
_1001rc\499208 _12001#$aТЕХНИКА высоких напряжений (частичные разряды, высоковольтные измерения, импульсная высоковольтная техника)$e[Сост. по материалам отеч. и зарубеж. лит. за 1985 г.$fСост. Чащина С.В.]$vЧ. 1 _95444451 _cМ. _d1988- _fСост. Чащина С.В.] _nБ. и. _o[Сост. по материалам отеч. и зарубеж. лит. за 1985 г. _tТЕХНИКА высоких напряжений (частичные разряды, высоковольтные измерения, импульсная высоковольтная техника) _vЧ. 1 |
|
| 801 | 0 |
_aRU _bNLR _gpsbo |
|
| 801 | 1 |
_aRU _bELAR _2rusmarc |
|
| 852 |
_aNLR _bС _jП-1/819 |
||
| 942 | _cBOOK | ||
| 980 | _aNB | ||